LEADER 01169nam 2200397 a 450 001 9910795756103321 005 20240102112639.0 010 0 $a0191625299 010 0 $a9780191625299 035 $a(MiAaPQ)EBC7038141 035 $a(CKB)24235114000041 035 $a(MiAaPQ)EBC829349 035 $a(Au-PeEL)EBL829349 035 $a(CaPaEBR)ebr10521075 035 $a(CaONFJC)MIL342679 035 $a(OCoLC)769344031 035 $a(EXLCZ)9924235114000041 100 $a20110706d2011 uy 0 101 0 $aeng 135 $aur||||||||||| 200 10$aInterspecific competition in birds$b[electronic resource] /$fAndre A Dhondt 210 $aOxford $cOxford University Press$d2011 215 $axii, 282 p. $cill 225 1 $aOxford avian biology series ;$vv. 2 320 $aIncludes bibliographical references and index. 410 0$aOxford avian biology series ;$vv. 2. 606 $aBirds 615 0$aBirds. 700 $aDhondt$b Andre A$01189413 801 0$bMiAaPQ 801 1$bMiAaPQ 801 2$bMiAaPQ 906 $aBOOK 912 $a9910795756103321 996 $aInterspecific competition in birds$93799472 997 $aUNINA